00733nam a2200205 a 450000100100000000500170001000800410002702000150006804000250008308200190010810000400012724500590016726000540022630000200028065000250030065000290032591000390035495201170039399900170051000002222720200930011635.0100920s2006 dr 000 f spa d a9945855123 aDO-SdBNPbspacBNPHU aCh863.4bB276n1 aBarrios, Eduardo,d1884-196392423213aEl niño que enloqueció de amor /cEduardo Barrios. aSantiago de los Caballeros :bEdiciones D,c2006. a68 p. ;c17 cm. 4aNovela chilena93163 4aLiteratura chilena93164 aValidado. Control de calidad BNPHU 0010718PDaPDbPDcHDd2010-09-20iLF1l0oCh863.4 B276np22227-10r2020-06-25w2020-06-25yLFPDZNo se presta c21725d21725